Electrónica integrada (Record no. 104571)

MARC details
000 -LEADER
campo de control de longitud fija 00957nam a2200265 i 4500
001 - NÚMERO DE CONTROL
campo de control 104571
003 - IDENTIFICADOR DE NÚMERO DE CONTROL
campo de control ES-MaACL
007 - CAMPO FIJO DE DESCRIPCIÓN FÍSICA--INFORMACIÓN GENERAL
campo de control de longitud fija t|
008 - DATOS DE LONGITUD FIJA--INFORMACIÓN GENERAL
campo de control de longitud fija 051201s1984 sp ||||1| spa d
020 ## - NÚMERO INTERNACIONAL ESTÁNDAR DEL LIBRO
Número Internacional Estándar del Libro 84-255-0432-5
100 1# - ENTRADA PRINCIPAL--NOMBRE DE PERSONA
Nombre de persona Millman, Jacob.
9 (RLIN) 81263
245 10 - MENCIÓN DEL TÍTULO
Título Electrónica integrada
Resto del título : circuitos y sistemas analógicas y digitales /
Mención de responsabilidad, etc. Jacob Millman y Christos C. Halkias; prólogo por Juan Peracaula; [traducida por Francesc Adan i González; revisión de Enrique Belza Valls].
250 ## - MENCION DE EDICION
Mención de edición 4ª ed.
260 ## - PUBLICACIÓN, DISTRIBUCIÓN, ETC.
Lugar de publicación, distribución, etc. Barcelona :
Nombre del editor, distribuidor, etc. Hispano Europea,
Fecha de publicación, distribución, etc. 1984.
300 ## - DESCRIPCIÓN FÍSICA
Extensión XXI, 917 p. ;
Dimensiones 24 cm.
490 1# - MENCIÓN DE SERIE
Mención de serie Biblioteca técnica
500 ## - NOTA GENERAL
Nota general En la cub. 6ª ed.
700 1# - ENTRADA AGREGADA--NOMBRE PERSONAL
Nombre de persona Halkias, Christos C.
9 (RLIN) 61551
700 1# - ENTRADA AGREGADA--NOMBRE PERSONAL
Nombre de persona Peracaula, Juan.
9 (RLIN) 90341
700 1# - ENTRADA AGREGADA--NOMBRE PERSONAL
Nombre de persona Adan y González, Francesc.
9 (RLIN) 18411
700 1# - ENTRADA AGREGADA--NOMBRE PERSONAL
Nombre de persona Belza Valls, Enrique.
9 (RLIN) 27393
830 0# - PUNTO DE ACCESO ADICIONAL DE SERIE-TÍTULO UNIFORME
Título uniforme Biblioteca técnica
9 (RLIN) 181365
852 ## - LOCALIZACIÓN
Ubicación ES-MaACL
Número de control de estantería L-8314
Sublocalización o colección R.108597
Holdings
Estatus retirado Estado de pérdida Estado de daño No para préstamo Biblioteca de origen Biblioteca actual Ubicación en estantería Fecha de adquisición Fuente de adquisición Total de préstamos Signatura topográfica completa Código de barras Visto por última vez Precio de reemplazo Tipo de ítem Koha
        Biblioteca del Ateneo de Madrid Biblioteca del Ateneo de Madrid Depósito 2 17/01/2008     L-8314 1109176 23/02/2023 23/02/2023 Libro impreso